| 000 | 01410cab a2200349 4500 | ||
|---|---|---|---|
| 001 | ABS59061 | ||
| 008 | 090401t1998 xxu||||| |||| 00| 0 eng d | ||
| 035 | _a(Sirsi) u87491 | ||
| 041 | _aeng | ||
| 245 | 4 | _aThe `millennium bug`: the health and safety implications | |
| 260 | _c1998 | ||
| 350 | _a0 | ||
| 490 |
_aHealth & Safety at Work _v5(10) June 1998, 78-79(2) |
||
| 520 | _aConsiders the year 2000 problem in the context of a report commissioned by the Health and Safety Executive, "Safety and the year 2000". Explains the problem and the implications for the safe operation of a process or machine where the information held on a system is both time or date-dependent. Comments on the legal implications of ignoring the risk posed by the problem, covered in "Safety-related and safety-critical systems; potential risks and legal liabilities arising from the year 2000 problem". | ||
| 650 | _aCOMPUTER SYSTEMS | ||
| 650 | _aDATE DEPENDENT | ||
| 650 | _aEMPLOYEES | ||
| 650 | _aEMPLOYERS | ||
| 650 | _aHEALTH & SAFETY | ||
| 650 | _aHSE | ||
| 650 | _aLEGAL LIABILITIES | ||
| 650 | _aMAJOR HAZARD SITES | ||
| 650 | _aMILLENNIUM BUG | ||
| 650 | _aPUBLIC | ||
| 650 | _aREMEDIAL PROGRAMME | ||
| 650 | _aRISK ASSESSMENT | ||
| 650 | _aTIME DEPENDENT | ||
| 650 | _aYEAR 2000 | ||
| 690 | _aMANAGEMENT-BUSINESS MANAGEMENT-INFORMATION MANAGEMENT | ||
| 942 | _n0 | ||
| 948 | _c17/07/1998 | ||
| 999 |
_c55189 _d55189 |
||